00332nam a2200121Ia 4500082001200000100001900012245004100031260003500072300002100107650004400128650001600172710002200188 aTS.0003 aSudhakar Singh 0aUttar Pradesh me kshetravadi rajniti c1986bBanaras Hindu University a198p. + C D - 51 aUTTAR PRADESH - POLITICS AND GOVERNMENT aREGIONALISM aGarg, Bhanvar Lal